CSK 2024 Squad - Statistics

General Stats
  • This quiz has been taken 14 times
  • The average score is 13 of 26
Answer Stats
Players % Correct
MS Dhoni
100%
Matheesha Pathirana
83%
Rachin Ravindra
83%
Ravindra Jadeja
83%
Ruturaj Gaikwad
83%
Devon Conway
75%
Deepak Chahar
67%
Maheesh Theekshana
58%
Moeen Ali
58%
Shivam Dube
58%
Simarjeet Singh
58%
Ajinkya Rahane
50%
Mitchell Santner
50%
Daryl Mitchell
42%
Tushar Deshpande
42%
Mukesh Choudhary
33%
Sameer Rizvi
33%
Shardul Thakur
33%
Ajay Mandal
25%
Avanish Rao Aravelly
25%
Mustafizur Rahman
25%
Prashant Solanki
25%
Rajvardhan Hangargekar
25%
Richard Gleeson
25%
Shaik Rasheed
25%
Nishant Sindhu
8%
No matching quizzes found
Score Distribution
Percent of People with Each Score
Percentile by Number Answered
Your Score History
You have not taken this quiz